Propuesta de proyecto de seguridad para presas hidroeléctrica y autopistas eléctrica dentro de la cuarta región militar de las Fuerzas Armadas, 2015 / (Registro nro. 1367)

Detalles MARC
000 -CABECERA
campo de control de longitud fija 01967nam a22002777a 4500
003 - IDENTIFICADOR DEL NÚMERO DE CONTROL
campo de control OSt
005 - FECHA Y HORA DE LA ÚLTIMA TRANSACCIÓN
campo de control 20190926200208.0
008 - DATOS DE LONGITUD FIJA--INFORMACIÓN GENERAL
campo de control de longitud fija 170629b xxu||||| |||| 00| 0 esp d
040 ## - FUENTE DE LA CATALOGACIÓN
Centro/agencia transcriptor DO-SdBJH
Centro catalogador/agencia de origen DO-SdBJH
Lengua de catalogación spa
090 ## - LOCALMENTE ASIGNADO TIPO-LC NÚMERO DE CLASIFICACIÓN (OCLC); NÚMERO DE CLASIFICACIÓN LOCAL (RLIN)
Número de clasificación (OCLC) (R) ; Numero de clasificación, CALL (RLIN) (NR) TG EGCEMC
Número cutter local (OCLC) ; Número de libro/Signatura topográfica íntegra, CALL (RLIN) 00960 2015
100 1# - ENTRADA PRINCIPAL--NOMBRE DE PERSONA
Nombre de persona Torres Núñez, Miguel E.
Término indicativo de función/relación sustentante
245 10 - MENCIÓN DE TÍTULO
Título Propuesta de proyecto de seguridad para presas hidroeléctrica y autopistas eléctrica dentro de la cuarta región militar de las Fuerzas Armadas, 2015 /
Mención de responsabilidad, etc. Miguel E. Torres Núñez, asesores Ernesto Jiménez de los Santos, Rafael Antonio Quezada Pérez
260 ## - PUBLICACIÓN, DISTRIBUCIÓN, ETC.
Lugar de publicación, distribución, etc. Santo Domingo :
Nombre del editor, distribuidor, etc. INSUDE,
Fecha de publicación, distribución, etc. 2015
300 ## - DESCRIPCIÓN FÍSICA
Extensión x, 83 páginas, ilustraciones-figuras-tablas
502 ## - NOTA DE TESIS
Nota de tesis Tesis (Especialidad en Comando y Estado Mayor Conjunto) Instituto Superior para la Defensa (INSUDE). -- Escuela de Graduados en Comando y Estado Mayor “General de División Gregorio Luperón”, 2015.
504 ## - NOTA DE BIBLIOGRAFÍA, ETC.
Nota de bibliografía, etc. Incluye referencias bibliográficas e índices
505 ## - NOTA DE CONTENIDO CON FORMATO
Nota de contenido con formato Características, funcionamiento, capacidades y ubicación de las presas hidroeléctricas y autopistas eléctricas. -- Vulnerabilidades de seguridad de las presas hidroeléctricas y las autopistas eléctricas. - Rol de las Fuerzas Armadas en la Seguridad Nacional. -- Rropuesta contentiva de las presas hidroeléctrica de IGEHID y las autopistas eléctricas de ETED
650 #4 - PUNTO DE ACCESO ADICIONAL DE MATERIA--TÉRMINO DE MATERIA
Término de materia o nombre geográfico como elemento de entrada Seguridad en la proteccion-- Presas hidroeléctrica y redes eléctricas
650 #4 - PUNTO DE ACCESO ADICIONAL DE MATERIA--TÉRMINO DE MATERIA
Término de materia o nombre geográfico como elemento de entrada Sistema y procesos de seguridad y proteccion -- Hidroeléctricas y autopistas eléctricas (propuestas)
650 #4 - PUNTO DE ACCESO ADICIONAL DE MATERIA--TÉRMINO DE MATERIA
Término de materia o nombre geográfico como elemento de entrada Las Fuerzas Armadas en la seguridad nacional
651 #4 - PUNTO DE ACCESO ADICIONAL DE MATERIA--NOMBRE GEOGRÁFICO
Nombre geográfico República Dominicana. Fuerzas Armadas -- 4ta. región militar
700 1# - PUNTO DE ACCESO ADICIONAL--NOMBRE DE PERSONA
Nombre de persona Jiménez de los Santos, Ernesto
Término indicativo de función/relación asesor
700 1# - PUNTO DE ACCESO ADICIONAL--NOMBRE DE PERSONA
Nombre de persona Quezada Pérez, Rafael Antonio
Término indicativo de función/relación asesor
830 ## - PUNTO DE ACCESO ADICIONAL DE SERIE-TÍTULO UNIFORME
Título uniforme INSUDE. Escuela de Graduados en Comando y Estado Mayor “General de División Gregorio Luperón”. Tesis y disertaciones académicas
942 ## - ELEMENTOS DE PUNTO DE ACCESO ADICIONAL (KOHA)
Fuente del sistema de clasificación o colocación Clasificación Local
Tipo de ítem Koha Tesis
Existencias
Estado de retiro Estado de pérdida Fuente del sistema de clasificación o colocación Estado dañado No para préstamo Código de colección Localización permanente Ubicación/localización actual Fecha de adquisición Número de inventario Total de préstamos Signatura topográfica completa Código de barras Fecha visto por última vez Número de copia Precio válido a partir de Tipo de ítem Koha
    Clasificación Local   Préstamo Interno Trabajos de Grado e Investigción SIBM UNADE - Biblioteca Sede Central SIBM UNADE - Biblioteca Sede Central 06/29/2017 15-00960   TG EGCEMC 00960 2015 15-00960 10/06/2018 e.1 06/29/2017 Tesis
© Copyright 2016. Universidad Nacional para la Defensa.Todos los derechos reservados.

 

Designed & Maintained by: https://www.sibdweb.com.do
Sistema de Información & Bibliotecas (SIBD). Contact: pbrito2005@gmail.com